| 000 | 00462nam a2200169Ia 4500 | ||
|---|---|---|---|
| 008 | 210719s2008 xx 000 0 und d | ||
| 041 | _aeng | ||
| 082 | _a523.2 BHAS | ||
| 100 | _aBHAT (P Keshava) | ||
| 245 | _aHelical Helix: solar system a dynamic process | ||
| 260 |
_aMangalore _c2008 |
||
| 300 |
_axiv,184 _bPB |
||
| 365 |
_b300 _cRs |
||
| 650 | _aAstronomy | ||
| 650 | _aAstronomy | ||
| 906 | _aa ; dynamic ; Helical ; Helix: ; process ; solar ; system | ||
| 999 |
_c214890 _d214890 |
||